[Event "Eurasia Open Cup 2018"]
[Site "Jekaterienburg"]
[Date "2018.08.07"]
[Round "6"]
[White "Gutenev, Alexander"]
[Black "Shapiro, David"]
[Result "1-0"]
[WhiteElo "2470"]
[BlackElo "2326"]
[Annotator "ChessBase"]
[PlyCount "135"]
[EventDate "2018.08.01"]
[EventType "swiss"]
[EventCountry "RUS"]
[SourceTitle "playchess.com"]
[Source "ChessBase"]
[SourceQuality "1"]
[TimeControl "5400+30"]

1. e4 {[%emt 0:00:00]} e5 {[%emt 0:00:06]} 2. Nf3 {[%emt 0:00:05]} Nf6 {[%emt 0:00:05]} 3. Nxe5 {[%emt 0:00:59]} d6 {[%emt 0:00:06]} 4. Nf3 {[%emt 0:00:05]} Nxe4 {[%emt 0:00:05]} 5. Nc3 {[%emt 0:00:27]} Nxc3 {[%emt 0:00:09]} 6. dxc3 {[%emt 0:00:06]} Be7 {[%emt 0:00:15]} 7. Be3 {[%emt 0:00:09]} Nd7 {[%emt 0:00:30]} 8. Qd2 {[%emt 0:02:13]} O-O {[%emt 0:00:20]} 9. O-O-O {[%emt 0:01:00]} Ne5 {[%emt 0:00:41]} 10. Nd4 {[%emt 0:02:14]} c5 {[%emt 0:02:04]} 11. Nb5 {[%emt 0:18:52]} Qa5 {[%emt 0:16:49]} 12. Na3 {[%emt 0:00:32]} Be6 {[%emt 0:08:30]} 13. f4 {[%emt 0:05:04]} Ng4 {[%emt 0:02:03]} 14. h3 {[%emt 0:07:10]} Nxe3 {[%emt 0:01:39]} 15. Qxe3 {[%emt 0:00:04]} Rfe8 {[%emt 0:01:44]} 16. Bb5 {[%emt 0:01:27]} Rec8 {[%emt 0:10:46]} 17. f5 {[%emt 0:05:15]} Qd8 {[%emt 0:00:13]} 18. Qe4 {[%emt 0:03:50]} Bxa2 {[%emt 0:19:21]} 19. b3 {[%emt 0:00:42]} c4 {[%emt 0:00:50]} 20. Kb2 {[%emt 0:02:50]} cxb3 {[%emt 0:11:06]} 21. cxb3 {[%emt 0:01:09]} Bxb3 {[%emt 0:00:20]} 22. Kxb3 {[%emt 0:00:55]} Bf6 {[%emt 0:03:10]} 23. Rd3 {[%emt 0:04:03]} d5 {[%emt 0:02:21]} 24. Qxd5 {[%emt 0:06:10]} Rxc3+ {[%emt 0:01:33]} 25. Ka2 {[%emt 0:00:14]} Qa5 {[%emt 0:01:58]} 26. Rxc3 {[%emt 0:00:08]} Qxc3 {[%emt 0:00:07]} 27. Qb3 {[%emt 0:00:17]} Qd2+ {[%emt 0:04:58]} 28. Qc2 {[%emt 0:00:31]} Qa5 {[%emt 0:00:09]} 29. Bc4 {[%emt 0:05:58]} Be7 {[%emt 0:02:19]} 30. Qb3 {[%emt 0:01:38]} Rd8 {[%emt 0:00:11]} 31. Rb1 {[%emt 0:01:52]} Rd2+ {[%emt 0:02:55]} 32. Rb2 {[%emt 0:00:55]} Rxb2+ {[%emt 0:01:03]} 33. Kxb2 {[%emt 0:01:34]} Qxf5 {[%emt 0:05:15]} 34. Qxb7 {[%emt 0:02:10]} Qe5+ {[%emt 0:01:01]} 35. Ka2 {[%emt 0:00:49]} g6 {[%emt 0:02:12]} 36. Qxa7 {[%emt 0:01:53]} Kg7 {[%emt 0:00:36]} 37. Nc2 {[%emt 0:00:04]} Qf6 {[%emt 0:00:30]} 38. Kb3 {[%emt 0:00:50]} Bd8 {[%emt 0:00:19]} 39. Qd7 {[%emt 0:02:12]} Qe7 {[%emt 0:00:28]} 40. Qd5 {[%emt 0:00:43]} Bc7 {[%emt 0:00:37]} 41. Nb4 {[%emt 0:00:22]} Bd6 {[%emt 0:00:21]} 42. Nd3 {[%emt 0:00:17]} h5 {[%emt 0:00:21]} 43. Kc3 {[%emt 0:00:50]} Bc7 {[%emt 0:00:50]} 44. Kd2 {[%emt 0:00:34]} Bd6 {[%emt 0:00:07]} 45. Kd1 {[%emt 0:00:23]} Bc7 {[%emt 0:00:46]} 46. Bb3 {[%emt 0:01:33]} Bd6 {[%emt 0:00:15]} 47. Nf2 {[%emt 0:00:58]} Bc7 {[%emt 0:00:50]} 48. Ne4 {[%emt 0:00:03]} Qd8 {[%emt 0:00:34]} 49. Ng5 {[%emt 0:00:22]} Kf6 {[%emt 0:00:32]} 50. Qxd8+ {[%emt 0:00:35]} Bxd8 {[%emt 0:00:01]} 51. Nxf7 {[%emt 0:00:13]} Bc7 {[%emt 0:00:02]} 52. Ke2 {[%emt 0:00:15]} Kf5 {[%emt 0:01:23]} 53. Kf3 {[%emt 0:00:06]} Kf6 {[%emt 0:00:16]} 54. Ke4 {[%emt 0:00:12]} Ba5 {[%emt 0:00:48]} 55. Nd6 {[%emt 0:00:09]} Bb4 {[%emt 0:00:18]} 56. Nc4 {[%emt 0:00:06]} Bc3 {[%emt 0:00:39]} 57. Bc2 {[%emt 0:00:02]} Ba1 {[%emt 0:00:21]} 58. Ne3 {[%emt 0:00:06]} g5 {[%emt 0:00:42]} 59. Nd5+ {[%emt 0:00:23]} Kg6 {[%emt 0:00:16]} 60. Ba4 {[%emt 0:00:55]} Bb2 {[%emt 0:00:41]} 61. Be8+ {[%emt 0:00:10]} Kh6 {[%emt 0:00:02]} 62. Ne7 {[%emt 0:00:44]} h4 {[%emt 0:00:23]} 63. Nf5+ {[%emt 0:00:07]} Kh7 {[%emt 0:00:02]} 64. Bf7 {[%emt 0:00:11]} Bc3 {[%emt 0:00:26]} 65. Kf3 {[%emt 0:00:05]} Bb2 {[%emt 0:00:31]} 66. Kg4 {[%emt 0:00:04]} Bc1 {[%emt 0:00:05]} 67. Kh5 {[%emt 0:00:04]} Kh8 {[%emt 0:01:18]} 68. Kg6 {[%emt 0:00:32]} 1-0

[Event "Eurasia Open Cup 2018"]
[Site "Jekaterienburg"]
[Date "2018.08.07"]
[Round "6"]
[White "Drygalov, Andrey"]
[Black "Fokin, Sergey"]
[Result "1-0"]
[WhiteElo "2450"]
[BlackElo "2186"]
[Annotator "TA"]
[PlyCount "44"]
[EventDate "2018.08.01"]
[EventType "swiss"]
[EventCountry "RUS"]
[SourceTitle "playchess.com"]
[Source "ChessBase"]
[SourceQuality "1"]

{[%evp 20,44,204,205,211,210,208,204,252,230,262,249,241,244,482,484,817,817,1204,1241,1173,1159,967,885,890,884,807]} 1. e4 c5 2. Nf3 e6 3. d4 cxd4 4. Nxd4 a6 5. c4 Nf6 6. Nc3 Bb4 7. Qd3 {B41: Sicilian: Kan Variation: 5 c4} Qc7 8. a3 (8. Nc2 Bc5 9. Be2 O-O 10. O-O Nc6 11. Kh1 d6 12. f4 Bd7 13. a3 Rad8 14. b4 Ba7 {½-½ (115) Karjakin,S (2782)-Caruana,F (2816) Paris 2018}) 8... Bxc3+ 9. Qxc3 Nxe4 10. Nb5 axb5 11. Qxg7 {LiveBook: 16 Games} Rf8 {aiming for ...d6.} 12. Bh6 {[%csl Gh6][%cal Rg7f8]} Qc5 13. f3 $1 bxc4 {[#]} 14. fxe4 $146 {[%mdl 128] White has strong attack.} (14. Qxf8+ Qxf8 15. Bxf8 Kxf8 $14) ({Predecessor:} 14. Bxc4 Nf6 15. Qxf6 {1-0 (33) Muzychuk,A (2576)-Peptan,C (2399) Medias 2017}) 14... b5 15. b4 $1 {[%cal Rb4c5]} ({Less strong is} 15. Qxf8+ Qxf8 16. Bxf8 Kxf8 $14) (15. Qxh7 Nc6 $16) 15... Qe7 16. Be2 $1 {[%cal Bf1e2,Be2h5,Bh5g6][%mdl 32]} Bb7 $2 {[#]} (16... Nc6 17. Bh5 (17. Qxf8+ Qxf8 18. Bxf8 Kxf8 $11) 17... d6) 17. Bh5 $1 $18 {White is clearly winning.} ({Inferior is} 17. Qxf8+ Qxf8 18. Bxf8 Kxf8 $11) 17... Bxe4 {[#]} (17... Kd8 $142 18. O-O Bxe4 19. Bxf7 Kc8 20. Qxf8+ Qxf8 21. Bxf8 Kc7) 18. Bg5 $1 Qd6 19. Rd1 Qxd1+ 20. Kxd1 Nc6 21. Rf1 {[%cal Rh5f7]} Bg6 22. Bxg6 hxg6 1-0

[Event "Eurasia Open Cup 2018"]
[Site "Jekaterienburg"]
[Date "2018.08.07"]
[Round "6"]
[White "Mokshanov, Alexey"]
[Black "Rozum, Ivan"]
[Result "0-1"]
[WhiteElo "2439"]
[BlackElo "2581"]
[Annotator "TA"]
[PlyCount "78"]
[EventDate "2018.08.01"]
[EventType "swiss"]
[EventCountry "RUS"]
[SourceTitle "playchess.com"]
[Source "ChessBase"]
[SourceQuality "1"]

{[%evp 18,78,0,0,0,0,0,0,0,0,0,0,0,0,11,15,18,-12,0,-10,-12,-26,-10,-40,0,-17,-12,-21,-13,-6,-20,-20,-12,-9,-16,-21,0,0,0,0,0,0,0,0,0,0,0,-89,-86,-87,-82,-118,-85,-145,0,0,0,-118,-108,-525,-519,-525,-511]} 1. e4 c5 2. Nf3 Nc6 3. Bb5 d6 4. Bxc6+ bxc6 5. O-O Bg4 6. Re1 {B51: Sicilian: Moscow Variation (3 Bb5+) without 3...Bd7} Nf6 7. d3 e6 8. Nbd2 {[%cal Bb1d2,Bd2f1,Bf1g3][%mdl 32]} Nd7 9. h3 Bh5 10. Nf1 {LiveBook: 11 Games} Be7 11. Ng3 Bg6 12. b3 O-O 13. Bb2 {[#]} d5 $146 ({Predecessor:} 13... Re8 14. Nh2 {½-½ (47) Kritz,L (2592)-Wang,Y (2698) Gibraltar 2008}) 14. Ne5 Nxe5 15. Bxe5 Qd7 16. Qg4 Rae8 17. Qe2 Bd8 18. Qd2 Bb6 19. Kh1 Rd8 20. f4 c4 21. f5 exf5 22. exf5 f6 $1 {[%cal Rf6e5]} ({Wrong is} 22... Bxf5 $2 23. Bxg7 $1 {[%mdl 512]} Bg6 24. Bxf8 $18) 23. fxg6 fxe5 24. gxh7+ Kh8 25. Rf1 cxd3 26. cxd3 Rf4 27. Rxf4 exf4 28. Qxf4 Bc7 29. Qg5 {Hoping for Nf5.} Qd6 30. Kh2 Re8 {aiming for ...Re5.} 31. Rf1 {Black must now prevent Rf7.} Re6 32. Rf7 (32. Rf3 $11 {keeps the balance.}) 32... Rg6 $40 {[%mdl 128] White is in trouble.} 33. Rf8+ Kxh7 34. Qh5+ Rh6 {[%mdl 1024] Black has strong compensation.} 35. Qf5+ (35. Qf3 $142) 35... Rg6 36. Qh5+ Rh6 37. Qf5+ $1 Qg6 38. Qxg6+ $4 {[%mdl 8192]} (38. Qf2 $17 {is a better chance.}) 38... Rxg6 $19 39. Rf3 {[#]} Rxg3 $1 {Precision: White = 53%, Black = 63%.} 0-1

[Event "Eurasia Open Cup 2018"]
[Site "Jekaterienburg"]
[Date "2018.08.07"]
[Round "6"]
[White "Kopylov, Alexander A"]
[Black "Lysenko, Margarita"]
[Result "1-0"]
[WhiteElo "2421"]
[BlackElo "2215"]
[Annotator "TA"]
[PlyCount "71"]
[EventDate "2018.08.01"]
[EventType "swiss"]
[EventCountry "RUS"]
[SourceTitle "playchess.com"]
[Source "ChessBase"]
[SourceQuality "1"]

{[%evp 15,71,62,90,84,90,94,106,106,111,116,150,110,146,147,145,149,143,128,128,131,142,140,126,130,181,142,229,228,226,210,332,318,707,706,672,682,714,708,715,726,722,726,702,711,1239,1275,1322,1230,1208,1222,5743,5641,5293,5227,3135,985,2349,1015]} 1. d4 Nf6 2. c4 g6 3. Nc3 Bg7 4. e4 O-O 5. f3 d6 6. Bg5 h6 7. Be3 Nc6 8. Qd2 Kh7 9. O-O-O {E81: King's Indian: Sämisch: 6th move deviations (including 6 Be3 c6)} e5 10. d5 Ne7 11. g4 {White is better.} Ne8 12. h4 Bd7 13. Nh3 $146 ({Predecessor:} 13. Nge2 a6 14. h5 g5 15. Ng3 f6 16. Kb1 Rb8 {½-½ (58) Biebinger,G (2340)-Kies,W (2140) Bad Bertrich 2003}) 13... a6 14. Kb1 Qb8 15. Bd3 b5 16. c5 dxc5 17. Bxc5 Nd6 18. Ne2 Re8 19. Ng3 Nc4 (19... a5 $16 {was worth a try.} 20. h5 Rh8 21. hxg6+ fxg6 22. Ng5+ Kg8) 20. Qe2 Nc8 (20... Nd6 $16 {was necessary.} 21. Qd2 Rf8) 21. Ng5+ $18 ({Much less strong is} 21. Bxc4 $6 bxc4 22. Qxc4 Nd6 $16) 21... Kg8 {[#]} 22. h5 $1 hxg5 {[#]} (22... N8b6 $142) 23. Qh2 $1 N4d6 $2 (23... N8d6 24. hxg6 Re7) 24. hxg6 {White is clearly winning.} fxg6 25. Qh7+ Kf7 {[#]} 26. Nf5 $1 {[%mdl 512]} Bxf5 (26... gxf5 27. gxf5) 27. exf5 {[%cal Be4f5,Bf5g6][%mdl 32] f6 is the strong threat.} ({Inferior is} 27. gxf5 Ne7 $11) 27... Ne7 28. fxg6+ Kf8 29. Rh5 {[%cal Bh1h5,Bh5g5,Bg5f5][%mdl 32]} Nxd5 30. Rxg5 Re7 31. Bxd6 cxd6 32. Rf5+ Nf6 33. g5 Ke8 34. gxf6 Bxf6 35. Qg8+ Kd7 36. Qxb8 {Precision: White = 86%, Black = 52%.} (36. Qd5 $142 Qg8 37. Qxg8 Rxg8 38. Rxf6) 1-0

[Event "Eurasia Open Cup 2018"]
[Site "Jekaterienburg"]
[Date "2018.08.07"]
[Round "6"]
[White "Popov, Mikhail"]
[Black "Kabanov, Nikolai"]
[Result "1/2-1/2"]
[WhiteElo "2401"]
[BlackElo "2475"]
[Annotator "TA"]
[PlyCount "62"]
[EventDate "2018.08.01"]
[EventType "swiss"]
[EventCountry "RUS"]
[SourceTitle "playchess.com"]
[Source "ChessBase"]
[SourceQuality "1"]

{[%evp 14,62,17,9,14,19,31,29,55,24,38,-9,64,-7,-10,-16,6,16,17,16,62,55,66,72,62,35,21,21,30,0,16,12,28,20,22,26,35,-54,-69,-70,0,0,45,-2,0,0,54,0,0,0,66]} 1. d4 Nf6 2. Nf3 g6 3. g3 Bg7 4. Bg2 O-O 5. O-O c6 6. b3 a5 {A49: 1 d4 Nf6 2 Nf3 g6 3 g3: Anti-King's Indian systems} 7. a4 d5 8. Nbd2 {LiveBook: 15 Games} c5 $146 ({Predecessor:} 8... Bf5 9. e3 Ne4 10. Bb2 Nxd2 11. Nxd2 Na6 12. g4 Be6 13. h3 f5 14. f4 Qd7 15. g5 Nc5 {0-1 (50) Meier,G (2654)-Huzman,A (2580) Berlin 2015}) 9. Bb2 cxd4 10. Nxd4 Re8 11. Nb5 Nc6 {[%cal Bb8c6,Bc6b4,Bb4c2][%mdl 32]} 12. e4 Bg4 (12... dxe4 $11 13. Bxf6 (13. Nxe4 Nxe4 14. Bxg7 Nd2 $15) 13... Bxf6) 13. Qe1 ({White should try} 13. f3 $1 $14 Be6 14. e5) 13... Nb4 $11 14. h3 Nxc2 (14... Bd7 {keeps more tension.} 15. e5 Bxb5 16. axb5 Nd7 17. Rc1 Qc7) 15. Qb1 Nxa1 16. hxg4 Nxb3 17. Nxb3 Nxe4 18. Bxg7 Kxg7 19. Bxe4 dxe4 20. Qxe4 Rc8 21. g5 Kg8 22. Qxb7 Rc4 23. Re1 Rxa4 {[#] Strongly threatening ...Rb4.} 24. Qc6 {Hoping for Nc7.} Qa8 25. Qxa8 ({Better is} 25. Qc3 $14 Qc8 26. Rxe7) 25... Rxa8 $15 26. Rxe7 Rg4 (26... Rb4 $15 27. Nc7 Kf8) 27. Nc7 $11 Ra7 28. Re8+ Kg7 29. Re7 {[#] Threatening mate with Ne6+.} Kg8 30. Re8+ (30. Nc5 $5 {[%cal Rc5d7]}) 30... Kg7 31. Re7 {Intending Ne6+ and mate.} Kg8 {Precision: White = 48%, Black = 40%.} 1/2-1/2

[Event "Eurasia Open Cup 2018"]
[Site "Jekaterienburg"]
[Date "2018.08.07"]
[Round "6"]
[White "Ivanov, Andrew"]
[Black "Dubinin, Alexsandr"]
[Result "1/2-1/2"]
[WhiteElo "2398"]
[BlackElo "2260"]
[Annotator "TA"]
[PlyCount "149"]
[EventDate "2018.08.01"]
[EventType "swiss"]
[EventCountry "RUS"]
[SourceTitle "playchess.com"]
[Source "ChessBase"]
[SourceQuality "1"]

{[%evp 23,149,-27,-29,-32,-30,-60,-27,-30,-24,-37,-14,-33,0,0,0,0,0,0,0,0,0,0,0,0,0,0,14,14,14,0,0,0,0,0,0,0,0,0,0,0,81,0,0,0,0,0,0,0,75,0,0,0,0,0,7,0,7,0,7,0,10,0,7,0,0,0,0,0,0,0,0,-25,0,0,1,-18,0,0,14,0,0,0,14,-13,0,0,4,7,6,0,15,0,0,0,0,0,0,0,0,0,0,0,7,0,0,7,6,0,0,0,0,0,0,0,0,0,0,0,0,0,0,0,0,0,0,0,0,0]} 1. d4 Nf6 2. c4 g6 3. g3 Bg7 4. Bg2 O-O 5. Nf3 d6 6. O-O Nc6 7. Nc3 e5 8. d5 Nb8 {[%cal Bc6b8,Bb8a6,Ba6b4,Bb4d3][%mdl 32]} 9. e4 a5 {E62: King's Indian: Fianchetto: 6...c6 and Panno Variation (6...Nc6) without ...a6} 10. Ne1 Na6 11. Nd3 Nd7 12. f4 exf4 {LiveBook: 7 Games} 13. Bxf4 $146 ({Predecessor:} 13. gxf4 Nb6 14. Qb3 Re8 15. Be3 a4 16. Nxa4 Nxa4 17. Qxa4 {0-1 (32) Mamedyarov,S (2772)-Shimanov,A (2642) chess.com INT 2017}) 13... Nb4 14. Rc1 Nxd3 15. Qxd3 Ne5 16. Qc2 Bd7 17. b3 h6 18. a4 Kh7 19. h3 b6 20. Rce1 Qc8 21. Kh2 Qb7 22. Nb5 Rae8 23. Be3 Qc8 24. Nd4 Re7 25. Qd2 Qe8 26. Bg1 Bc8 27. Be3 (27. Rf4 {is interesting.} Bb7 28. Nb5 h5 29. Be3 Bh6 30. Rf6) 27... Bb7 28. Bf2 Nd7 29. Re2 Nc5 30. Qc2 Qa8 31. Rfe1 Qe8 {[#]} (31... Rfe8 $11) 32. Qd1 (32. Nf5 $1 $16 {[%mdl 512]}) 32... Re5 33. Nf3 Re7 34. Nd4 Be5 35. Qc2 ({White should try} 35. Kg1 $11) 35... Bg7 $16 {[#]} 36. Qd1 ({White should play} 36. Nf5 $1 $16 {[%mdl 512]}) 36... Nd7 37. Qc2 Ne5 38. Qd1 Bc8 39. Qc2 Bd7 40. Qd1 Qc8 41. Qc2 Rfe8 42. Qd1 Rf8 43. Qc2 Bf6 44. Qd1 Qd8 45. Qc2 Ree8 46. Qd1 Bg7 47. Qd2 Qe7 48. Be3 {The position is equal.} Qd8 49. Bf2 Bc8 50. Be3 Qd7 51. Bf2 Qe7 52. Be3 Bd7 53. Bf2 Qd8 54. Be3 Qf6 55. Rf2 Qe7 56. Rfe2 h5 57. Bg5 f6 58. Bf4 Nf7 59. Rf1 Bh6 60. Rfe1 Qd8 61. Rf2 Kg7 62. Rfe2 Qc8 63. Rf2 Ng5 {[%cal Rd7h3]} 64. Nf3 {[%cal Rf3g5]} Nf7 65. Bxh6+ (65. Qc3 {seems wilder.} Qd8 66. Qc1 Kh7 67. Ree2 Qc8 68. Nd4) 65... Nxh6 66. Nd4 Nf7 67. Nf3 Qd8 68. Rfe2 Qe7 69. Re3 Ne5 70. Nd4 Qd8 71. R3e2 Re7 72. Qc3 Ref7 73. Rf2 Qe7 74. Ref1 Rh8 75. Re2 {Precision: White = 48%, Black = 69%.} 1/2-1/2

[Event "Eurasia Open Cup 2018"]
[Site "Jekaterienburg"]
[Date "2018.08.07"]
[Round "6"]
[White "Fotin, Vladimir"]
[Black "Isanzhulov, Arystan"]
[Result "0-1"]
[WhiteElo "2359"]
[BlackElo "2146"]
[Annotator "NA"]
[PlyCount "160"]
[EventDate "2018.08.01"]
[EventType "swiss"]
[EventCountry "RUS"]
[SourceTitle "playchess.com"]
[Source "ChessBase"]
[SourceQuality "1"]
[TimeControl "5400+30"]

1. d4 {[%emt 0:00:00]} Nf6 {[%emt 0:00:00]} 2. Nf3 {[%emt 0:00:00]} d6 {[%emt 0:00:00]} 3. c4 {[%emt 0:00:00]} g6 {[%emt 0:01:03]} 4. Nc3 {[%emt 0:02:55]} Bf5 {[%emt 0:05:42]} 5. Nh4 {[%emt 0:04:34]} Bd7 {[%emt 0:01:56]} 6. e4 {[%emt 0:01:40]} e5 {[%emt 0:00:26]} 7. Nf3 {[%emt 0:00:32] E61: King's Indian: Early deviations for White, including Smyslov System} (7. dxe5 dxe5 8. Nf3 Nc6 9. Be2 Bg7 10. O-O O-O 11. h3 Be6 12. Be3 Qxd1 13. Rfxd1 Rfd8 14. Nd5 Nxe4 15. Nxc7 Rac8 16. Nxe6 fxe6 17. Bd3 Nf6 18. Ng5 Nb4 19. Bf1 Nc2 20. Nxe6 Rxd1 21. Rxd1 Nxe3 22. fxe3 {½-½ (97) Li,C (2751)-Mamedov,R (2650) Huaian 2016}) 7... exd4 {[%emt 0:00:41]} 8. Nxd4 {[%emt 0:00:44]} Bg7 {[%emt 0:02:15]} 9. Be2 {[%emt 0:00:31]} O-O {[%emt 0:01:44]} 10. O-O {[%emt 0:01:05]} Nc6 {[%emt 0:02:49]} 11. Be3 {[%emt 0:00:25]} Re8 {[%emt 0:05:49]} 12. f3 {[%emt 0:00:34]} a5 {[%emt 0:00:19]} 13. Ndb5 {[%emt 0:00:27]} Be6 $146 {[%emt 0:00:48]} ({Predecessor:} 13... Ne5 14. Qd2 Be6 {1-0 (42) Urban,K (2450)-Benoit,M (2250) Bagneux 1993}) 14. Qd2 {[%emt 0:01:14]} Nb4 {[%emt 0:07:47]} 15. Rfd1 {[%emt 0:04:20]} Nd7 {[%emt 0:20:31]} 16. a3 {[%emt 0:07:12]} Na6 {[%emt 0:01:11]} 17. Rab1 {[%emt 0:25:06]} Qe7 {[%emt 0:03:31]} (17... f5 $14) 18. Nd4 {[%emt 0:04:32]} Ne5 {[%emt 0:12:28]} 19. b3 {[%emt 0:03:10]} Nc6 {[%emt 0:07:19]} 20. Ndb5 {[%emt 0:04:20]} f5 $16 {[%emt 0:04:49]} 21. exf5 {[%emt 0:08:12]} Bxf5 {[%emt 0:10:10]} 22. Nd5 {[%emt 0:01:41]} Qf7 {[%emt 0:00:57]} 23. Bd3 {[%emt 0:00:12]} Bxd3 {[%emt 0:00:40]} 24. Qxd3 {[%emt 0:00:45]} Ne5 {[%emt 0:00:28]} 25. Qc2 {[%emt 0:00:08]} Re6 {[%emt 0:00:41]} 26. Nd4 {[%emt 0:02:36]} Ree8 {[%emt 0:01:51]} 27. Bf2 {[%emt 0:05:30]} Rf8 {[%emt 0:00:09]} 28. Re1 {[%emt 0:00:48]} Rae8 {[%emt 0:02:31]} 29. h3 {[%emt 0:05:24]} Nc5 {[%emt 0:01:24]} 30. Rbd1 {[%emt 0:01:27]} c6 {[%emt 0:01:05]} 31. Nc3 {[%emt 0:00:41]} a4 {[%emt 0:01:00]} 32. b4 {[%emt 0:00:52]} Nb3 {[%emt 0:00:58]} 33. Ne4 {[%emt 0:00:34]} Rd8 {[%emt 0:00:00]} 34. Nxb3 {[%emt 0:05:08]} axb3 {[%emt 0:01:46]} 35. Qxb3 {[%emt 0:01:49]} Qxc4 {[%emt 0:00:03]} 36. Qxc4+ {[%emt 0:00:07]} Nxc4 {[%emt 0:00:13]} 37. Bh4 {[%emt 0:02:31]} Rd7 {[%emt 0:00:01]} 38. Nc5 {[%emt 0:01:06]} Rdf7 {[%emt 0:01:18]} 39. Ne6 {[%emt 0:01:01]} Re8 {[%emt 0:00:04]} 40. Nxg7 {[%emt 0:00:13]} Rxe1+ {[%emt 0:00:53]} 41. Rxe1 {[%emt 0:01:06]} Kxg7 {[%emt 0:00:35]} 42. a4 {[%emt 0:00:12]} Nb6 {[%emt 0:00:16]} 43. a5 {[%emt 0:00:21]} Nd5 {[%emt 0:00:35]} 44. Bg3 {[%emt 0:01:19]} Rd7 {[%emt 0:00:01]} 45. Rb1 {[%emt 0:01:11]} Nc3 {[%emt 0:00:29]} 46. Rb2 {[%emt 0:00:11]} Kf7 {[%emt 0:00:49]} 47. Be1 {[%emt 0:00:22]} Nb5 {[%emt 0:00:22]} 48. Kf2 {[%emt 0:00:54]} Re7 {[%emt 0:00:08]} 49. g4 {[%emt 0:00:31]} Re5 {[%emt 0:00:43]} 50. Ra2 {[%emt 0:01:21]} Ke6 {[%emt 0:00:51]} 51. a6 {[%emt 0:01:33]} bxa6 {[%emt 0:01:16]} 52. Rxa6 {[%emt 0:00:46]} Kd5 {[%emt 0:00:22]} 53. Bd2 {[%emt 0:00:04]} Re7 {[%emt 0:00:20]} 54. h4 {[%emt 0:01:03]} Ra7 {[%emt 0:00:19]} 55. Rxa7 {[%emt 0:00:50]} Nxa7 {[%emt 0:01:05]} 56. Ke3 {[%emt 0:00:07]} Nb5 {[%emt 0:00:01]} 57. h5 {[%emt 0:00:08]} gxh5 {[%emt 0:00:13]} 58. gxh5 {[%emt 0:00:57]} Ke5 {[%emt 0:00:39]} 59. h6 {[%emt 0:00:05]} Nc7 {[%emt 0:00:03]} 60. Kd3 {[%emt 0:00:17]} Ne6 {[%emt 0:01:24]} 61. Kc4 {[%emt 0:00:57]} Kf5 {[%emt 0:00:27]} 62. Kd3 {[%emt 0:01:13]} Ng5 {[%emt 0:00:36]} 63. Ke3 {[%emt 0:00:36]} Kg6 {[%emt 0:00:38]} 64. Kf4 {[%emt 0:00:33]} Nf7 {[%emt 0:00:46]} 65. Ke4 {[%emt 0:00:40]} Nxh6 {[%emt 0:00:15]} 66. Bf4 {[%emt 0:00:31]} Nf7 {[%emt 0:00:08]} 67. Bg3 {[%emt 0:00:20]} Kf6 {[%emt 0:00:50]} 68. Bh4+ {[%emt 0:00:32]} Ke6 {[%emt 0:00:20]} 69. Kd4 {[%emt 0:00:34]} Kf5 {[%emt 0:01:23]} 70. Bg3 {[%emt 0:00:26]} h5 {[%emt 0:00:12]} 71. Kd3 {[%emt 0:00:19]} Ne5+ {[%emt 0:00:29]} 72. Ke3 {[%emt 0:00:09]} d5 {[%emt 0:00:48]} 73. Bf2 {[%emt 0:00:12]} Nc4+ {[%emt 0:00:34]} 74. Kd4 {[%emt 0:00:32]} Ne5 {[%emt 0:00:30]} 75. b5 {[%emt 0:00:20]} Nxf3+ {[%emt 0:00:16]} 76. Kc5 {[%emt 0:01:17]} cxb5 {[%emt 0:00:47]} 77. Kxd5 {[%emt 0:00:07]} b4 {[%emt 0:00:05]} 78. Kc4 {[%emt 0:00:06]} Ne5+ {[%emt 0:00:33]} 79. Kb3 {[%emt 0:00:26]} Kg4 {[%emt 0:00:04]} 80. Bd4 {[%emt 0:00:14]} Nc6 {[%emt 0:00:14]} 0-1